Countries Which Receive the Most Remittances - Statistics

General Stats
  • This quiz has been taken 30,014 times
    16,113 since last reset
  • The average score is 14 of 21
Answer Stats
Billion $ % of GDP Country % Correct
87.0 3.0 India
95%
53.0 0.3 China
94%
52.7 4.1 Mexico
89%
33.0 12.6 Pakistan
85%
10.4 0.6 Russia
83%
9.2 0.8 Indonesia
80%
23.0 6.5 Bangladesh
77%
36.2 9.4 Philippines
75%
18.1 4.9 Vietnam
75%
33.3 8.4 Egypt
73%
17.6 3.7 Nigeria
73%
16.3 9.0 Ukraine
65%
9.0 0.6 Spain
62%
27.2 0.9 France
61%
19.6 0.5 Germany
60%
9.5 0.4 Italy
59%
9.3 7.4 Morocco
57%
15.0 18.0 Guatemala
48%
8.5 24.8 Nepal
46%
10.5 11.7 Dominican Republic
42%
15.0 2.6 Belgium
25%
No matching quizzes found
Score Distribution
Percent of People with Each Score
Percentile by Number Answered
Your Score History
You have not taken this quiz since the last reset